000 02392cam a22005894i 4500
003 PE-LiUPU
005 20250731165647.0
008 150616s r 000 0 d
020 _a0805401423
035 _a(Sirsi) i9780805401424
040 _aPE-LiUPU
_bspa
_cPE-LiUPU
_erda
049 _aPRUA
082 0 4 _b19
_221
100 1 _aSmith, Billy K.,
_eautor.
245 1 0 _aAmos, Obadiah, Jonah.
_n19 /
_cBilly K. Smith.
264 1 _aNashville, Tennessee :
_bBroadman & Holman Publishers,
_c1995.
300 _a304 páginas ;
_c23 centímetros
336 _atext
_2rdacontent
337 _aunmediated
_2rdamedia
338 _avolume
_2rdacarrier
490 0 _aThe New American Commentary ;
_v19B
504 _aBibliografía al pie de pag.
505 0 _aAnalisis de los libros Amos, Jonah y Abdías.
526 _aSEG44
526 _aSEG26
526 _aP151
526 _aP150
526 _aP149
526 _aP146
526 _aP145
526 _aP126
526 _aP125
526 _aP92
526 _aP75
526 _aP74
526 _aP27
526 _aP15
630 0 4 _aBiblia.
_pA.T.
_pAbdías
_xComentarios.
630 0 4 _aBiblia.
_pA.T.
_pAmós
_xComentarios.
630 0 4 _aBiblia.
_pA.T.
_pJonás
_xComentarios.
700 1 _aFrank S. Page.
910 _ajck
_bjvq
_cjck
942 _2ddc
_cBOOK
949 _aRC 221.077 N 19
_wDEWEY
_c1
_i42409
_lCCODEBUL1
_mBUL
_r0
_sY
_tBOOK
_u2015-4-23
_xTEOLOGIA
_zUNKNOWN
_0COMPRA
_o.CIRCNOTE. No olvidar cambiar la fecha de devolución!!!!!!!
_o.STAFF. Colección General
949 _aRC 221.077 N 19
_wDEWEY
_c2
_i47824
_lCCODEBUL1
_mBUL
_r0
_sY
_tBOOK
_u2015-6-16
_xTEOLOGIA
_zUNKNOWN
_0COMPRA
_o.CIRCNOTE. No olvidar cambiar la fecha de devolución!!!!!!!
_o.STAFF. Colección General
994 _aC0
_bPEPRU
596 _a1
999 _aRC 221.077 N 19
_wDEWEY
_c60246
_i42409
_d60246
_f2021-11-8
_g6
_lCCODEBUL1
_mBUL
_q2
_r1
_sY
_tBOOK
_u2015-4-23
_xTEOLOGIA
_zUNKNOWN
_0COMPRA
_o.CIRCNOTE. No olvidar cambiar la fecha de devolución!!!!!!!
_o.STAFF. Colección General
999 _aRC 221.077 N 19
_wDEWEY
_c2
_i47824
_d2018-6-19
_f2021-11-8
_g6
_lCCODEBUL1
_mBUL
_q2
_r1
_sY
_tBOOK
_u2015-6-16
_xTEOLOGIA
_zUNKNOWN
_0COMPRA
_o.CIRCNOTE. No olvidar cambiar la fecha de devolución!!!!!!!
_o.STAFF. Colección General
980 _81
_gALBERTO SANCHEZ Responsable de Automatización